|
|
|
|
| LEADER |
00645cam a2200205 7i4500 |
| 001 |
0000007103 |
| 005 |
20170218090000.0 |
| 020 |
|
|
|a 0873939034 (hbk.)
|
| 020 |
|
|
|a 9780873939034
|
| 090 |
0 |
0 |
|a HF5635
|b .H84 2001
|
| 100 |
1 |
|
|a Huefner, Ronald J
|
| 245 |
1 |
0 |
|a Advanced financial accounting
|c Ronald J. Huefner, James A. Largay, Susan S. Hamlen.
|
| 250 |
|
|
|a 7th ed.
|
| 260 |
|
|
|a Sydney:
|b DAME,
|c 2001.
|
| 300 |
|
|
|a 1 v. (various pagings):
|b ill.;
|c 29 cm.
|
| 650 |
0 |
0 |
|a Accounting
|
| 700 |
1 |
|
|a Hamlen, Susan S
|
| 700 |
1 |
|
|a Largay, James A
|
| 997 |
|
|
|a Business & Accountancy, Faculty
|
| 999 |
|
|
|a 0000005103
|b BOK
|c OPEN SHELF
|e 1st Floor, Shah Alam
|